000 00583nam a2200217Ia 4500
003 SISC
005 20181009090733.0
008 180918s9999 xx 000 0 und d
020 _a9780170389587
050 _aRJ 131 .W419 2017
100 _aWeihen, Louise
245 _cLouise Weihen
_aExploring early childhood/
250 _a2nd ed.
260 _aAustralia:
_bCengage Learning
_c2017
300 _a350 pages :
_bcolored illustrations ;
_c27 cm.
500 _aIncludes index
650 _aChild care
650 _aChild development
942 _2lcc
_cBK
999 _c358792
_d358792